000 01616nam a22002537a 4500
001 9645
003 FISKH
005 20260127143546.0
008 260127b cb ||||| |||| 00| 0 eng d
020 _a9780241573631
040 _aFISKH
_beng
_cFISKH
_dFISKH
050 _aPZ7 .B26225 .F
082 _a 813.6
100 _aBarnes, Jennifer Lynn
245 _aThe final gambit /
_cJennifer Lynn Barnes
250 _aThis edition published in 2023
260 _aLondon :
_bPenguin Books,
_c2022
300 _a373 pages :
_c20 cm
490 _aThe Inheritance Games :
_vBook five
520 _aTo inherit billions, all Avery Kylie Grambs has to do is survive a few more weeks living in Hawthorne House. The paparazzi are dogging her every step. Financial pressures are building. Danger is a fact of life. And the only thing getting Avery through it all is the Hawthorne brothers. Her life is intertwined with theirs. She knows their secrets, and they know her. But as the clock ticks down to the moment when Avery will become the richest teenager on the planet, trouble arrives in the form of a visitor who needs her help and whose presence in Hawthorne House could change everything. It soon becomes clear that there is one last puzzle to solve, and Avery and the Hawthorne brothers are drawn into a dangerous game against an unknown and powerful player. Secrets upon secrets. Riddles upon riddles. In this game, there are hearts and lives at stakeĀ—and there is nothing more Hawthorne than winning.
650 _aContemporary
_vFiction
_xFamily
_yYoung Adult
942 _2ddc
_cBK
_n0
999 _c9645
_d9645